Visualizzazione normale
Vista MARC
- Gatta, Clemente M. Giuseppe
di Personal Name
Records bibliografici associati: 1
001 - CONTROL NUMBER
- control field: 53673
003 - CONTROL NUMBER IDENTIFIER
- control field: IT-RoINE
005 - DATE AND TIME OF LATEST TRANSACTION
- control field: 20181024055634.0
008 - FIXED-LENGTH DATA ELEMENTS
- fixed length control field: 181024|| aca||aabn | a|a d
040 ## - CATALOGING SOURCE
- Original cataloging agency: IT-RoINE
- Transcribing agency: IT-RoINE
100 ## - HEADING--PERSONAL NAME
- Personal name: Gatta, Clemente M. Giuseppe
670 ## - SOURCE DATA FOUND
- Source citation: Work cat.: (IT-RoINE)0: Gatta, Clemente M. Giuseppe, L'Anno Santo 1925 :, 1924.